000 00578nam a2200217Ia 4500
008 181129s9999 xx 000 0 und d
020 _a9780241006931
050 _a658
050 _bH830 2015
245 0 _aHow business works :
245 2 _ba graphic guide to business success /
260 _aNew York, NY :
260 _bDorling Kindersley Limited,
260 _c2015
300 _a343 pages :
300 _bcolor illustrations ;
300 _c24cm.
650 _aBusiness enterprises.
650 _aNew business enterprises.
650 _aSuccess in business.
999 _c360179
_d360179